Responses for Show #8125 - Friday, December 27, 2019

Karen Farrell game 2.

Contestants

[<< previous game]

Matt Anderson, a musician from Malden, Massachusetts

Jamison Webb, an actor and writer from Santa Monica, California

Karen Farrell, a political consultant from Woodbridge, Virginia (whose 1-day cash winnings total $17,200)

[next game >>]

Jeopardy! Round responses

MAIL-ORDER NOVELTIES
PROVERBS
I PLAYED POIROT
BIBLE "D"ICTIONARY
BURIED IN GATE OF HEAVEN CEMETERY
VWLSS LMNTS
(Alex: VOWELLESS ELEMENTS.)
    $200 18
kryptonite

Matt
    $200 28
the grease

Matt
    $200 5
Murder on the Orient Express

Matt
    $200 17
Deuteronomy

Jamison
    $200 6
Babe Ruth

Matt
    $200 23
(Matt: Uh, what is lithium?)

aluminum

KarenMatt
    $400 19
librarian

Karen
    $400 29
its weakest link

Karen
    $400 4
John Malkovich

Jamison
    $400 16
doves

Karen
    $400 7
Rebel Without a Cause

Matt
    $400 24
neon

Matt
    $600 20
(Jamison: What is a glass?)
(Alex: Be more specific.)
(Jamison: Uh, what is a water glass?)
...
(Jamison: Oh, of course, yes.)
[Laughter]
(Alex: Now it comes to you. Too late, my son.)

a dribble glass

Jamison
Triple Stumper
    $600 11
garbage in, garbage out

Triple Stumper
    $600 3
the Nile

Karen
    $600 13
Delilah

Matt
    $600 8
James Cagney

Jamison
    $600 25
(Karen: Uh... what is oxygen?)

argon

KarenJamison
    $800 21
Sea-Monkeys

Karen
    $800 12
(Karen: What is bad publicity?)
...
(Alex: And if you're in show business you will verify that saying.)

a free lunch

Karen
Triple Stumper
    $800 2
the Pink Panther

Karen
    $800 14
Darius

Karen
    $800 9
Tammany Hall

Karen
    $800 26
(Alex: Less than a minute now.)

iron

Jamison
    $1000 22
(Matt: Who is Jack LaLanne?)

Charles Atlas

JamisonMatt
    $2,000 30
Better late than never

Karen
    $1000 1
Roger Ackroyd

Karen
    $1000 15
Dinah

Triple Stumper
    $1000 10
(Jamison: Who is Henry Luce?)
(Karen: Who is Hearst?)

Condé Nast

KarenJamison
Triple Stumper
    $1000 27
iodine

Triple Stumper

Scores at the first commercial break (after clue 15):

Karen Jamison Matt
$2,200 $0 $1,400

Scores at the end of the Jeopardy! Round:

Karen Jamison Matt
$5,800 $2,000 $1,000

Double Jeopardy! Round responses

MAIL-ORDER NOVELS
INTERNATIONAL SPORTS
TASTE THE RAINBOW
(Alex: A color is going to be part of each correct response.)
SURROUNDED!
THE RUSSIAN REVOLUTIONS
GHOST-TED
(Alex: Your correct response will not include the letters "T-E-D".)
    $400 14
Amazon

Karen
    $400 5
tennis

Triple Stumper
    $400 30
(Karen: What is Jolly [*]?)
(Alex: [Sighs] I think we're going to accept that, yeah.)

Green Giant

Karen
    $400 9
Nevada

Karen
    $400 28
1917

Matt
    $400 29
a pun

Jamison
    $800 13
Murder, She Wrote

Jamison
    $800 4
America's Cup

Jamison
    $800 6
Golden Delicious

Jamison
    $800 25
(Alex: [Before reading the clue] Less than a minute now.)

Alberta

Matt
    $800 17
Saint Petersburg

Karen
    $800 27
boo

Matt
    $1200 10
the Book of the Month Club

Karen
    $1200 3
Vatican City

Matt
    $1200 7
pink salt

Matt
    $1200 26
(Alex: Yeah, we'll accept that.)

the Korean Peninsula

Karen
    $1200 16
[Alex read the man's name using a Russian accent.]

Trotsky

Jamison
    $1200 15
(Matt: Uh, what is a, uh, what is, uh, tenth?)
...
(Alex: The word would be "tented". You take the "ted" off of it, and you're left with this number--the number [*].)

ten

Matt
Triple Stumper
    $1600 11
(Matt: What is Robinson Crusoe?)

Treasure Island

JamisonMatt
    $1600 1
the Grand Prix

Matt
    $1600 8
black truffles

Jamison
    $1600 20
the Caspian Sea

Triple Stumper
    $1600 18
the Duma

Karen
    $1600 22
a bus

Karen
    $2000 12
(Karen: What is the "Bargo"?)
(Alex: Say it again.)
(Karen: The "Bargo"?)
(Jamison: "Bordo"? What is "Bordo"?)

Bardo

KarenJamison
Triple Stumper
    $2,600 2
the Commonwealth Games

Matt
    $2000 21
(Karen: What are [*] and rice?)

red beans

Karen
    $2000 24
Evanston

Jamison
    $1,500 19
(Karen: [Shakes head] I'm sorry.)

the Potemkin

Karen
    $2000 23
sigh

Matt

Scores at the end of the Double Jeopardy! Round:

Karen Jamison Matt
$11,900 $9,200 $8,800

[wagering suggestions for these scores]

Final Jeopardy! Round responses

ART FIRSTS
MattWhat is Impressionist?
$8,795
JamisonWhat is Cubist?
$4,800
KarenWhat is a impressionist painting
$6,501
Impressionist

Final scores:

Karen Jamison Matt
$18,401 $4,400 $17,595
2-day champion: $35,601 3rd place: $1,000 2nd place: $2,000

Game dynamics:

Coryat scores:

Karen Jamison Matt
$12,400 $9,200 $8,200
20 R
(including 1 DD),
5 W
(including 1 DD)
14 R,
3 W
15 R
(including 1 DD),
4 W

Combined Coryat: $29,800

[game clues] [game scores] [suggest correction]

Game tape date: 2019-10-16
The J! Archive is created by fans, for fans. Scraping, republication, monetization, and malicious use prohibited; this site may use cookies and collect identifying information. See terms. The Jeopardy! game show and all elements thereof, including but not limited to copyright and trademark thereto, are the property of Jeopardy Productions, Inc. and are protected under law. This website is not affiliated with, sponsored by, or operated by Jeopardy Productions, Inc. Join the discussion at JBoard.tv.